000
00333 a2200169 4500
001
182777
020
_a
040
_c
Magnum
100
_a
Amado, Jorge
240
1
0
_a
Tieta do agreste
_l
por
245
1
0
_a
Tieta do agreste
300
_a
575
362
0
_a
2001
440
1
_a
Record
697
_a
LITERATURA GERAL
942
_c
BK
999
_c
182777
_d
182777